000 00468nam a2200181Ia 4500
001 2683
005 20260306144825.0
008 260306t2000||||xx |||||||||||||| ||spa||
041 _aESP
082 _a210.1
_bM26 V. 1
100 _aMarini, Pablo
_eAUT
245 0 _aApuntes de teología:
_bteología, revelación y fe Dios, uno y trino Dios creador
260 _c2000
300 _apágs. :
_c20 cm.
650 _aGEN
654 _aCHU
942 _cLIB
_dJUS
_fJUS
_2ddc
_n
999 _c2683
_d2683